|
|
|
|
| LEADER |
00000nam0a2200000 4500 |
| 001 |
132093 |
| 005 |
20231031134713.0 |
| 010 |
|
|
|a 5265005161
|
| 020 |
|
|
|a RU
|b 90-47696
|
| 035 |
|
|
|a (RuTPU)RU\TPU\book\143033
|
| 090 |
|
|
|a 132093
|
| 100 |
|
|
|a 20080227d1990 m y0rusy5003 ca
|
| 101 |
0 |
|
|a rus
|
| 102 |
|
|
|a RU
|
| 105 |
|
|
|a y z 000ay
|
| 200 |
1 |
|
|a Избранное
|e Роман. Повести
|f В. М. Андреев
|g авт. предисл. Н. Воронов
|
| 210 |
|
|
|a Москва
|c Советский писатель
|d 1990
|
| 215 |
|
|
|a 607,[1] с.
|d 21 см
|
| 327 |
1 |
|
|a Содерж.: Мой лейтенант: Роман; Повести: Свидание; Два долгих дня; Грустная птица; Тревожный август
|
| 333 |
|
|
|a Исключено из фонда НТБ ТПУ
|
| 675 |
|
|
|a Р2
|z rus
|
| 700 |
|
1 |
|a Андреев
|b В. М.
|g Владимир Михайлович
|4 070
|
| 702 |
|
1 |
|a Воронов
|b Н.
|4 080
|
| 801 |
|
0 |
|a RU
|b RuMRKP
|c 19950417
|g psbo
|
| 801 |
|
1 |
|a RU
|b 63413507
|c 20080227
|g PSBO
|
| 801 |
|
2 |
|a RU
|b 63413507
|c 20221117
|g PSBO
|
| 942 |
|
|
|c BK
|